00000000nam##2200000za#4500
0019.681654
003CaOODSP
00520231123085206
007ta
008150407|2002||||xxc|||||     f|0| 0 fre|d
020 |a0-662-86347-X
040 |aCaOODSP|bfre
043 |an-cn---
0861 |aE2-171/2002F
1101 |aCanada. |bAffaires étrangères et commerce international Canada.
24510|aSe produire aux États-Unis : |ble guide des artistes de spectacle canadiens
260 |aOttawa - Ontario : |bAffaires étrangères et Commerce international |c2002.
300 |a31p. ; |c23 cm.
563 |aCouverture souple
590 |a02-42|b2002-10-18
69107|aArts d'interprétation|2gcpds
69107|aDroit du travail|2gcpds
69107|aPassage des frontières|2gcpds
69107|aRelations canado-américaines|2gcpds
77508|tCanadian performers: how to enter the United States |w(CaOODSP)9.648361
7760#|tSe produire aux États-Unis: le guide des artistes de spectacles canadiens |w(CaOODSP)9.630813